History and theory in anthropology / (Record no. 7607)

MARC details
000 -LEADER
fixed length control field 00736cam a2200217 4500
001 - CONTROL NUMBER
control field 8775
008 - FIXED-LENGTH DATA ELEMENTS--GENERAL INFORMATION
fixed length control field 990811s2000 enka b 001 0 eng
010 ## - LIBRARY OF CONGRESS CONTROL NUMBER
LC control number 99045362
020 ## - INTERNATIONAL STANDARD BOOK NUMBER
International Standard Book Number 0521773334 (hb.)
International Standard Book Number 0521774322 (pbk.)
100 1# - MAIN ENTRY--PERSONAL NAME
Personal name Barnard, Alan
Fuller form of name (Alan J.)
Authority record control number or standard number
245 10 - TITLE STATEMENT
Title History and theory in anthropology /
Statement of responsibility, etc. Alan Barnard
264 #1 - PRODUCTION, PUBLICATION, DISTRIBUTION, MANUFACTURE, AND COPYRIGHT NOTICE
Place of production, publication, distribution, manufacture Cambridge, U.K.
-- New York :
Name of producer, publisher, distributor, manufacturer Cambridge University Press,
Date of production, publication, distribution, manufacture, or copyright notice 2000
300 ## - PHYSICAL DESCRIPTION
Extent xii, 243 pages :
Other physical details illustrations ;
Dimensions 23 cm
336 ## - CONTENT TYPE
Content type term text
Content type code txt
Source rdacontent
337 ## - MEDIA TYPE
Media type term unmediated
Media type code n
Source rdamedia
338 ## - CARRIER TYPE
Carrier type term volume
Carrier type code nc
Source rdacarrier
504 ## - BIBLIOGRAPHY, ETC. NOTE
Bibliography, etc. note Includes bibliographical references (p. 215-235) and index
650 #0 - SUBJECT ADDED ENTRY--TOPICAL TERM
Topical term or geographic name entry element Anthropology
General subdivision History.
Authority record control number or standard number
Topical term or geographic name entry element Anthropology
General subdivision Philosophy.
Authority record control number or standard number
Holdings
Withdrawn status Lost status Source of classification or shelving scheme Damaged status Not for loan Collection code Home library Current library Shelving location Date acquired Serial Enumeration / chronology Inventory number Total Checkouts Total Renewals Full call number Barcode Date last seen Date last checked out Copy number Price effective from Koha item type
    Dewey Decimal Classification     Main TEST RTC Library RTC Library Main opac 27/11/2018 13264 5 5 301.01 BAR 30011573 12/01/2022 18/09/2021 1 27/11/2018 Main
    Dewey Decimal Classification     Main TEST RTC Library RTC Library Main opac 27/11/2018 13265 3 2 301.01 BAR 30013277 12/01/2022 01/10/2021 2 27/11/2018 Main
Royal Thimphu College || All Right Reserved